MARC

LEADER 00000nam0a2200000 4500
001 99303
005 20231031111637.0
035 |a (RuTPU)RU\TPU\book\106535 
090 |a 99303 
100 |a 20060630d1963 m y0rusy50 ca 
101 0 |a rus 
102 |a RU 
105 |a a j 001zy 
200 1 |a Оксидные конденсаторы  |e лекция  |f М. М. Лернер  |g Всесоюзный заочный энергетический институт, Кафедра электроизоляционной и кабельной техники 
210 |a Москва  |d 1963 
215 |a 84 с.  |c ил. 
320 |a Библиогр.: с. 74-84. 
610 1 |a оксидные конденсаторы 
610 1 |a электролитические конденсаторы 
610 1 |a оксидная изоляция 
610 1 |a оксидные пленки 
610 1 |a проводимость 
610 1 |a лекции 
610 1 |a учебные пособия 
675 |a 621.319.4(07)  |v 3 
700 1 |a Лернер  |b М. М. 
712 0 2 |a Всесоюзный заочный энергетический институт (ВЗЭИ)  |b Кафедра электроизоляционной и кабельной техники  |c (Москва)  |2 stltpush  |3 (RuTPU)RU\TPU\col\14362 
801 1 |a RU  |b 63413507  |c 20060630  |g PSBO 
801 2 |a RU  |b 63413507  |c 20090403  |g PSBO 
942 |c BK